La vita è un banchetto : e un sacco di poveri idioti muoiono di fame /
-д хадгалсан:
| Үндсэн зохиолч: | |
|---|---|
| Бусад зохиолчид: | |
| Формат: | Ном |
| Хэл сонгох: | итали |
| Хэвлэсэн: |
\S.l.! :
Babilonia,
1998
|
| Шошгууд: |
Шошго байхгүй, Энэхүү баримтыг шошголох эхний хүн болох!
|
MARC
| LEADER | 00000nam a22000007i 4500 | ||
|---|---|---|---|
| 001 | IT\ICCU\MIL\0468428 | ||
| 003 | ItRI | ||
| 005 | 20260213120428.0 | ||
| 008 | 000818s1998 it |||||| ||||| |||||c | ||
| 040 | |b ita |c ct | ||
| 041 | 7 | |a ita |2 ISO-639-2 | |
| 100 | 1 | |a Bonacina, Ludovica |0 IT\ICCU\MILV\239811 |4 aut | |
| 240 | 1 | 3 | |a La vita è un banchetto |9 Bonacina, Ludovica |
| 245 | 1 | 3 | |a La vita è un banchetto : |b e un sacco di poveri idioti muoiono di fame / |c Ludovica Bonacina ; disegni di Renato Carlassara. |
| 260 | |a \S.l.! : |b Babilonia, |c 1998 | ||
| 300 | |a 96 p. : |b ill. ; |c 18 cm | ||
| 500 | |a Tit. della cop | ||
| 500 | |a Suppl. a Babilonia. | ||
| 500 | |a lug-ago, 1998 | ||
| 700 | 1 | |a Carlassara, Renato |0 IT\ICCU\MILV\239810 | |
| 772 | 0 | |w IT\ICCU\CFI\0388461 |t Babilonia | |
| 942 | |2 ddc |c BK | ||
| 952 | |0 0 |1 0 |2 ddc |4 0 |7 0 |9 8949 |a MI |b MI |d 2009-09-18 |i 5661 |l 0 |p CDOM5661 |r 2025-07-17 21:50:40 |w 2025-07-17 |x DONO |y BK | ||
| 952 | |0 0 |1 0 |2 ddc |4 0 |7 0 |9 8950 |a MI |b MI |d 2009-09-21 |i 5669 |l 0 |p CDOM5669 |r 2025-07-17 21:50:40 |w 2025-07-17 |x DONO |y BK | ||
| 952 | |0 0 |1 0 |2 ddc |4 0 |6 853_914000000000000_BON_VIT |7 0 |9 10028 |a AN |b AN |d 2025-12-08 |l 0 |o 853.914 BON VIT |p 11590 |r 2025-12-08 11:33:00 |w 2025-12-08 |y BK | ||
| 952 | |0 0 |1 0 |4 0 |6 DOC_853_914000000000000_BON |7 0 |9 24112 |a BO |b BO |d 2026-01-15 |i 5494 |l 0 |o DOC 853.914 BON |p BO5494 |r 2026-01-15 23:23:22 |w 2026-01-15 |x [Sebina 5] [1 v. (2. copia)] |y BK |z 1 v. (2. copia) | ||
| 952 | |0 0 |1 0 |4 0 |6 DOC_853_914000000000000_BON |7 0 |9 24113 |a BO |b BO |d 2026-01-15 |i 4775 |l 0 |o DOC 853.914 BON |p BO4775 |r 2026-01-15 23:23:22 |w 2026-01-15 |x [Sebina 7] [1 v.] |y BK |z 1 v. | ||
| 952 | |0 0 |1 0 |4 0 |6 DOC_853_914000000000000_BON |7 0 |9 24114 |a BO |b BO |d 2026-01-15 |i 15811 |l 0 |o DOC 853.914 BON |p BO15811 |r 2026-01-15 23:23:22 |w 2026-01-15 |x [Sebina 5] [1 v.] |y BK |z 1v. (6. copia) | ||
| 952 | |0 0 |1 0 |4 0 |6 DOC_853_914000000000000_BON |7 0 |9 24115 |a BO |b BO |d 2026-01-15 |i 14861 |l 0 |o DOC 853.914 BON |p BO14861 |r 2026-01-15 23:23:22 |w 2026-01-15 |x [Sebina 5] [1 v.] |y BK |z 1 v. (5. copia) | ||
| 952 | |0 0 |1 0 |4 0 |6 DOC_853_914000000000000_BON |7 0 |9 24116 |a BO |b BO |d 2026-01-15 |i 11526 |l 0 |o DOC 853.914 BON |p BO11526 |r 2026-01-15 23:23:22 |w 2026-01-15 |x [Sebina 5] [1 v.] |y BK |z 1 v. (3. copia) | ||
| 952 | |0 0 |1 0 |4 0 |6 DOC_853_914000000000000_BON |7 0 |9 24117 |a BO |b BO |d 2026-01-15 |i 11686 |l 0 |o DOC 853.914 BON |p BO11686 |r 2026-01-15 23:23:22 |w 2026-01-15 |x [Sebina 5] [1 v. (4. copia)] |y BK |z 1 v. (4. copia) | ||
| 999 | |c 7445 |d 7445 | ||